| 000 | 01402nam a22002657a 4500 | ||
|---|---|---|---|
| 999 |
_c343023 _d343023 |
||
| 001 | 56939 | ||
| 003 | UA-OsUOA | ||
| 005 | 20230504161256.0 | ||
| 007 | ta | ||
| 008 | 20081120b un ||||| |||| 00| 0 ukr d | ||
| 020 | _a966-7430-38-3 | ||
| 040 |
_aUA-OsUOA _bukr _cUA-OsUOA _dUA-OsUOA |
||
| 041 | _aukr | ||
| 080 | _a82.09(477) | ||
| 090 |
_a82.09(477) _bП16 |
||
| 100 | _aПанченко В. | ||
| 245 |
_aНеубієнна література _bдослідницькі етюди |
||
| 260 |
_aК. _bТвім інтер _c2007 |
||
| 300 | _a440 с. | ||
| 520 | _aДо видання увійшли літературознавчі розвідки, присвячені переважно українським класикам. Феномен “неубієнної літератури” автор розкриває, заглиблюючись у таємниці яскравих творчих особистостей, - Т. Шевченка, М. Максимовича, М. Костомарова, П. Куліша, М. Старицького, І. Нечуя-Левицького, І. Франка, М. Коцюбинського, М. Куліша, М. Рильського... | ||
| 650 | 7 |
_a82 Література. Літературознавство _2UDC |
|
| 942 |
_cBK _2udc |
||
| 955 | _a2 | ||